000 00486nam a22001577a 4500
005 20251108164405.0
008 250721s9999 xx 000 0 ara d
082 1 4 _a232.9/عقا
100 1 _aالعقاد، عباس محمود
245 1 0 _aعبقرية المسيح في التاريخ و كشوف العصر الحديث /
264 1 _aبيروت :
_bالمكتبة العصريه،
_c[19-].
300 _a192ص.
650 1 7 _aالمسيح
942 _2ddc
_cBK
999 _c11001
_d11001